000 00757nam a2200229Ia 4500
001 8987
003 GE_BSU
008 181216s||||||||xx |||||||||||||| ||und||
040 _cGE_BSU
080 _a821.353.1–1
100 _aკვიტაიშვილი,ემზარ
245 _aმწვანე აფრები
245 _bლექსები
245 _cრედ.მ.ფოცხიშვილი.მხატვ.კ.ბანეთიშვილი
260 _aთბილისი
260 _bლიტერატურა და ხელოვნება
260 _c1968
300 _a68გვ.17სმ.
653 _aლექსები
653 _aმწვანე აფრები
942 _cBK
999 _c42292
_d42292